000 01108nam a2200229Ii 4500
003 JO-AjNU
008 230605s9999||||xx |||||||||||||| ||und||
017 _a2009/2/400
040 _aJO-AjNU
_bara
_erda
_cJO-AjNU
041 _aara
050 1 4 _aTH420.J67.2010
100 3 _aإعداد تالا عوض الله، هيثم عدس وآخرون؛ مراجعة جمال قطيشات، أحمد الكيلاني وآخرون,
_eauthor
_951673
245 0 0 _aمجلس البناء الوطني الأردني، وزارة الأشغال العامة والإسكان: كودة المباني الموفرة للطاقة
250 _aط1
264 3 1 _aعمان: الجمعية العلمية الملكية،مجلس البناء الوطني الأردني، 2010
300 _aمتعدد الترقيم
_bيشتمل على ملاحق
336 _atext
_btxt
_2rdacontent
337 _aunmediated
_bn
_2rdamedia
338 _avolume
_bnc
_2rdacarrier
490 0 _aكودات البناء الوطني الأردني 
650 4 _a المباني -- مواصفات معيارية -- الأردن
_951674
999 _aA22843
_c26411
_d26411